Prasanga : (Record no. 9215)

MARC details
000 -LEADER
fixed length control field 00580cam a2200217ua 4500
001 - CONTROL NUMBER
control field 10227
005 - DATE AND TIME OF LATEST TRANSACTION
control field 20260515114607.0
008 - FIXED-LENGTH DATA ELEMENTS--GENERAL INFORMATION
fixed length control field 190403n ii |||gr||||Z||||||asm
040 ## - CATALOGING SOURCE
Transcribing agency MAIN
041 ## - LANGUAGE CODE
Language code of text/sound track or separate title asm
082 ## - DEWEY DECIMAL CLASSIFICATION NUMBER
Classification number 809
100 ## - MAIN ENTRY--PERSONAL NAME
Personal name Parag Kumar Bhattacharyya,
Relator term Author.,
245 ## - TITLE STATEMENT
Title Prasanga :
Remainder of title biswa sahitya /
Statement of responsibility, etc. By Parag Kumar Bhattacharyya .
250 ## - EDITION STATEMENT
Edition statement 2nd enl. ed.
260 ## - PUBLICATION, DISTRIBUTION, ETC.
Place of publication, distribution, etc. Dibrugarh:
Name of publisher, distributor, etc. Banalata,
Date of publication, distribution, etc. 2014.
300 ## - PHYSICAL DESCRIPTION
Extent 317p.
653 ## - INDEX TERM--UNCONTROLLED
Uncontrolled term History, description & criticism
653 ## - INDEX TERM--UNCONTROLLED
Uncontrolled term World literature
653 ## - INDEX TERM--UNCONTROLLED
Uncontrolled term Comparative literature
942 ## - ADDED ENTRY ELEMENTS (KOHA)
Koha item type Books
Holdings
Withdrawn status Lost status Damaged status Not for loan Home library Current library Shelving location Date acquired Total checkouts Full call number Barcode Date last seen Date last checked out Copy number Price effective from Koha item type
        Naharkatiya College Library Naharkatiya College Library General stacks 09/19/2020 9 809Comparative literature | BHA 24099 11/22/2025 10/17/2025 1 09/19/2020 Books
        Naharkatiya College Library Naharkatiya College Library General stacks 09/19/2020 4 809Comparative literature | BHA 25402 04/04/2025 03/17/2025 2 09/19/2020 Books